| 000 | 00403nam a2200169Ia 4500 | ||
|---|---|---|---|
| 008 | 220531s9999 xx 000 0 und d | ||
| 041 | _aeng | ||
| 082 | _bSOR | ||
| 100 |
_aSorokin, P. _940423 |
||
| 245 | _aContemporary Sociological Thought | ||
| 260 |
_bKalyani _c1995 |
||
| 300 | _a785 | ||
| 542 | _d22-05-1999 | ||
| 650 |
_aSociology _940424 |
||
| 906 | _d1999-2000 | ||
| 999 |
_c24287 _d24287 |
||